000
00474nam a2200181Ia 4500
008
090124s9999 xx 000 0 und d
082
_b
128382
100
_a
चिखले सुरेश
245
_a
पिरॅमिड
250
_a
1
260
_c
1998
300
_a
203
600
_a
चिखले सुरेश
630
_a
पिरॅमिड
700
_a
चिखले सुरेश
730
_a
पिरॅमिड
942
_c
BOOK
999
_c
174471
_d
174471